{"text_format":"3","workbook":"xlsx","n_sheets":1,"sheets":["Sheet1"],"read":"whole","date_system":"1900"}

{"sheet":"Sheet1","index":0,"n_rows":24,"n_cols":9,"rows_kept":24,"merged":[[0,0,0,8],[21,0,21,4],[21,5,21,8]]}
["植物工程系2024-2025-2 实验(实训)项目耗材采购清单--农资产品"]
["序号","实验（实训）项目名称","耗材品名","型号规格","单位","数量","参考单价","单项控制价","分类"]
[1,"电热温床","玻璃纤维拱棚实心支架","粗5mm、长2.4m","根",42,5,210,"农资产品"]
[2,"电热温床","小拱棚膜","4丝、幅宽4m","米",40,5,200,"农资产品"]
[3,"果园春季管理","石硫合剂","45%，结晶，20袋/箱","箱",1,75,75,"农资产品"]
[4,"土肥水管理","有机肥",null,"吨",4,420,1680,"农资产品"]
[5,"土肥水管理","复合肥","15-15-15,50KG装","袋",5,170,850,"农资产品"]
[6,"扦插育苗","黑地膜","1米宽，黑色，1丝左右","斤",5,8,40,"农资产品"]
[7,"扦插育苗","葡萄枝条","至少8mm粗度","根",100,5,500,"农资产品"]
[8,"播种","黄瓜种子",null,"克",200,1,200,"农资产品"]
[9,"播种","西瓜种子",null,"克",200,2,400,"农资产品"]
[10,"播种","番茄种子",null,"克",100,1,100,"农资产品"]
[11,"播种","辣椒种子",null,"克",100,1,100,"农资产品"]
[12,"播种","基质",null,"袋",50,20,1000,"农资产品"]
[13,"施肥","复合肥",null,"袋",1,300,300,"农资产品"]
[14,"施肥","尿素",null,"袋",1,210,210,"农资产品"]
[15,"播种","丹参种子",null,"克",100,1,100,"农资产品"]
[16,"播种","白术种子",null,"克",100,1,100,"农资产品"]
[17,"播种","急性子种子",null,"克",100,1,100,"农资产品"]
[18,"育苗","铁皮石斛种株",null,"把",10,45,450,"农资产品"]
[19,"育苗","石菖蒲根茎",null,"把",10,50,500,"农资产品"]
["总控制价（元）：",{"$nulls":4},{"$f":"SUM(H3:H21)","v":7115}]
[]
["注：1.此表单价为参考价格，报价不得超过控制价；2.可将此表修改为报价单，但其中序号、耗材品名、型号规格、单位、数量不得修改。"]